000 00684nam a2200241Ia 4500
003 OSt
005 20220918213952.0
006 a|||||r|||| 00| 0
007 ta
008 220917b |||||||| |||| 00| 0 eng d
024 _a135,301
037 _cTextual
040 _aARTS
_cARTS
_beng
041 _2eng
_aeng
082 _aX415:97kv3.N47, K3
100 _aBagwell Philips S
_9129341
245 0 _aRailwaymen
_b The history of the national and of Railwaymen
260 _aLondon
_bGeroge Allen and Unwin
_c1963
300 _a725p.
_ccm.
650 _aECONOMICS
942 _hX415:97kv3.N47, K3
_cTEXL
_2CC
999 _c258396
_d258396